| 000 | 00562 a2200181 4500 | ||
|---|---|---|---|
| 020 |
_a0007136854 _c575.60 |
||
| 035 | _aB-211623 | ||
| 037 | _bRP-ZLS-2783 / UBH-07-08:6 / RP-07-08:ENG | ||
| 082 | 1 | 4 | _aN |
| 090 |
_c5034 _d5034 |
||
| 100 | 1 | _aChristies, Agatha | |
| 245 | 1 |
_aSparkling cyanide _cby Agatha Christies |
|
| 260 |
_aLondon _bHarper Collins Publishers _c2002 |
||
| 300 |
_a336 p _c18 cm (pbk) |
||
| 490 | _aAgatha Christies | ||
| 942 |
_adpl _cEN _kN / CHI |
||
| 999 |
_c4937 _d4937 |
||